Score 0/20 Timer 03:00
0 Plays Today
% Correct
Bravest
85.1%
Hare
83%
Harbor
82.5%
Harvest
82%
Harp
81.9%
Harpoon
81.9%
Livestock
81.7%
Invest
81.6%
Investigate
81.6%
Vest
81.1%
% Correct
Harmony
80.7%
Vestibule
77.9%
Harsh
77.5%
Harbinger
77%
Harness
74.7%
Hark
73.9%
Divest
72.9%
Vestige
71.7%
Hart
71.4%
Vestment
70.8%
Remove Ads.
Support Sporcle.
Get the best of Sporcle when you Go Orange. This ad-free experience offers more features, more stats, and more fun while also helping to support Sporcle. Thank you for becoming a member.

You're not logged in!

Compare scores with friends on all Sporcle quizzes.
OR
Log In

Show Comments

Extras

Top Quizzes Today


Score Distribution

Your Account Isn't Verified!

In order to create a playlist on Sporcle, you need to verify the email address you used during registration. Go to your Sporcle Settings to finish the process.

Report this User

Report this user for behavior that violates our Community Guidelines.

Details: